Подробности
| 000 -МАРКЕР |
| контрольное поле |
01937nam0a2200373 4500 |
| 001 - ИДЕНТИФИКАТОР ЗАПИСИ |
| контрольное поле |
RU\NLR\bibl\966532 |
| 005 - ИДЕНТИФИКАТОР ВЕРСИИ |
| контрольное поле |
20260405093404.0 |
| 010 ## - МЕЖДУНАРОДНЫЙ СТАНДАРТНЫЙ НОМЕР КНИГИ (ISBN) |
| Номер (ISBN) |
5-7901-0074-0 |
| Тираж |
1000 |
| 021 ## - НОМЕР ГОСУДАРСТВЕННОЙ РЕГИСТРАЦИИ |
| Код страны |
российская федерация |
| Номер |
2006-28249 |
| Номер Листа государственной регистраци |
1405 |
| 035 ## - ДРУГИЕ СИСТЕМНЫЕ НОМЕРА |
| Идентификатор записи |
(NLR Aleph) 000954515 |
| 100 ## - ДАННЫЕ ОБЩЕЙ ОБРАБОТКИ |
| Данные общей обработки |
20060711d2005 |||y0rusy50 ca |
| 101 0# - ЯЗЫК РЕСУРСА |
| Язык текста, звукозаписи и т.д. |
русский |
| Язык резюме |
английский |
| Язык оглавления |
английский |
| 102 ## - СТРАНА ПУБЛИКАЦИИ ИЛИ ПРОИЗВОДСТВА |
| Страна публикации |
российская федерация |
| 105 ## - ПОЛЕ КОДИРОВАННЫХ ДАННЫХ: ТЕКСТОВЫЕ МАТЕРИАЛЫ, МОНОГРАФИЧЕСКИЕ |
| Кодированные данные о монографическом текстовом документе |
a ||||||||| |
| 200 1# - ЗАГЛАВИЕ И СВЕДЕНИЯ ОБ ОТВЕТСТВЕННОСТИ |
| Основное заглавие |
Морфогенез метаболических повреждений скелетных мышц |
| Параллельное заглавие |
Morphogenesis of skeletal muscle metabolic lesions |
| Первые сведения об ответственности |
Л.М. Непомнящих, М.А. Бакарев |
| Последующие сведения об ответственности |
Рос. акад. мед. наук |
| Язык параллельного заглавия |
английский |
| 210 ## - ПУБЛИКАЦИЯ, РАСПРОСТРАНЕНИЕ И ДР. |
| Место издания, распространения и т.д. |
Москва |
| Имя издателя, распространителя и т. д. |
Изд-во РАМН |
| Дата издания, распространения и т.д. |
2005 |
| 215 ## - ФИЗИЧЕСКАЯ ХАРАКТЕРИСТИКА |
| Специфическое обозначение материала и объем |
351 с. |
| Другие сведения о физической характеристике |
ил., цв. ил. |
| Размеры |
22 |
| 300 ## - ОБЩИЕ ПРИМЕЧАНИЯ |
| Текст примечания |
На обороте тит. л. авт.: Непомнящих Л.М. - Засл. деят. науки Рос. Федерации, чл.-кор. РАМН и акад. РАЕН. д.м.н., проф., Бакарев М.А. - д.м.н. |
| 300 ## - ОБЩИЕ ПРИМЕЧАНИЯ |
| Текст примечания |
Авт. также на англ. яз.: L.M. Nepomnyashchikh, M.A. Bakarev |
| 300 ## - ОБЩИЕ ПРИМЕЧАНИЯ |
| Текст примечания |
Рез. на англ. яз. |
| 320 ## - ПРИМЕЧАНИЯ О НАЛИЧИИ В ДОКУМЕНТЕ БИБЛИОГРАФИИ / УКАЗАТЕЛЯ |
| Текст примечания |
Библиогр.: с. 306-351 |
| 510 1# - ПАРАЛЛЕЛЬНОЕ ЗАГЛАВИЕ |
| Связь между полями |
z45790 |
| Параллельное заглавие |
Morphogenesis of skeletal muscle metabolic lesions |
| Язык заглавия |
английский |
| 606 1# - НАИМЕНОВАНИЕ ТЕМЫ КАК ПРЕДМЕТ |
| Наименование темы |
Скелетные мышцы |
| Тематический подзаголовок |
Обмен веществ |
| -- |
Расстройства |
| -- |
Морфогенез |
| Системный номер авторитетной/нормативной записи |
2435953 |
| Идентификатор авторитетной/нормативной записи |
RU\NLR\auth\661449533 |
| 686 ## - ИНДЕКСЫ ДРУГИХ КЛАССИФИКАЦИЙ |
| Индекс |
Р418.4-2 |
| 700 #1 - ИМЯ ЛИЦА - ПЕРВИЧНАЯ ОТВЕТСТВЕННОСТЬ |
| Код отношения |
Автор |
| Материалы, к которым относится поле |
rus |
| Графика поля |
Кириллица |
| Начальный элемент ввода |
Непомнящих |
| Часть имени, кроме начального элемента ввода |
Л. М. |
| Даты |
1937- |
| Расширение инициалов личного имени |
Лев Моисеевич |
| Идентификатор авторитетной/нормативной записи |
RU\NLR\auth\7734323 |
| Системный номер авторитетной/нормативной записи |
17327 |
| 701 #1 - ИМЯ ЛИЦА - АЛЬТЕРНАТИВНАЯ ОТВЕТСТВЕННОСТЬ |
| Начальный элемент ввода |
Бакарев |
| Часть имени, кроме начального элемента ввода |
М. А. |
| Расширение инициалов личного имени |
Максим Александрович |
| Код отношения |
Автор |
| 790 #1 - ИМЯ ЛИЦА - АЛЬТЕРНАТИВНАЯ ФОРМА |
| Код отношения |
Автор |
| Материалы, к которым относится поле |
rus |
| Графика поля |
Латинская |
| Начальный элемент ввода |
Nepomnjašxich |
| Часть имени, кроме начального элемента ввода |
L. M. |
| Даты |
1937- |
| Расширение инициалов личного имени |
Lev Moiseevič |
| Идентификатор авторитетной/нормативной записи |
RU\NLR\auth\7734324 |
| Системный номер авторитетной/нормативной записи |
17328 |
| 790 #1 - ИМЯ ЛИЦА - АЛЬТЕРНАТИВНАЯ ФОРМА |
| Связь между полями |
z45 |
| Начальный элемент ввода |
Bakarev |
| Часть имени, кроме начального элемента ввода |
M. A. |
| Расширение инициалов личного имени |
Maksim Aleksandrovič |
| Код отношения |
Автор |
| 801 #0 - ИСТОЧНИК ЗАПИСИ |
| Страна |
российская федерация |
| Организация |
NLR |
| Дата составления |
20060711 |
| Правила каталогизации |
rcr |
| 801 #1 - ИСТОЧНИК ЗАПИСИ |
| Страна |
российская федерация |
| Организация |
NLR |
| Дата составления |
20060711 |
| 942 ## - ДОПОЛНИТЕЛЬНЫЕ ЭЛЕМЕНТЫ ЗАПИСИ (АБИС) |
| Тип экземпляра АБИС |
Книга |
| 980 ## - КОЛЛЕКЦИЯ |
| Название коллекции |
Национальная библиография |